| 000 | 00702nam a2200217 i 4500 | ||
|---|---|---|---|
| 001 | 113840 | ||
| 003 | ES-MaACL | ||
| 005 | 20230906190021.0 | ||
| 007 | t| | ||
| 008 | 061121s1954 sp a d |||| | spa d | ||
| 080 | _a355(038) | ||
| 110 | 1 |
_aEspaña. _bServicio Histórico Militar. _93980 |
|
| 245 | 1 | 0 | _aNomenclátor histórico-militar. |
| 260 |
_aMadrid : _bServicio Histórico Militar, _c1954. |
||
| 300 |
_a372 p. : _bil. ; _c22 cm. |
||
| 500 | _aPrecede al tít. : Estado Mayor Central del Ejército. | ||
| 504 | _aBibliografía: p. [9]-10. | ||
| 650 | 4 |
_aArte y ciencia militar- _vDiccionarios. _9155031 |
|
| 710 | 2 |
_aEspaña. _bEstado Mayor Central. _9155030 |
|
| 852 |
_aES-MaACL _jC-9969 |
||
| 999 |
_c113840 _d113840 |
||